<?xml version="1.0" encoding="UTF-8"?>
<collection xmlns="http://www.loc.gov/MARC21/slim">
 <record>
  <leader>00474nam a22001695a 4500</leader>
  <controlfield tag="001">EHU.bham041602</controlfield>
  <controlfield tag="003">AR-BHAM</controlfield>
  <controlfield tag="005">20120612133935.0</controlfield>
  <controlfield tag="008">130507s1987##################000#0#####d</controlfield>
  <datafield tag="082" ind1="9" ind2="3">
   <subfield code="a">937</subfield>
  </datafield>
  <datafield tag="100" ind1="1" ind2=" ">
   <subfield code="a">Syme, Ronald</subfield>
  </datafield>
  <datafield tag="245" ind1="1" ind2="0">
   <subfield code="a">The roman revolution  /</subfield>
   <subfield code="c"> Ronald Syme</subfield>
  </datafield>
  <datafield tag="260" ind1=" " ind2=" ">
   <subfield code="a">Oxford :</subfield>
   <subfield code="b">University Press,</subfield>
   <subfield code="c">1987</subfield>
  </datafield>
  <datafield tag="300" ind1=" " ind2=" ">
   <subfield code="a">568 p.</subfield>
  </datafield>
  <datafield tag="653" ind1=" " ind2=" ">
   <subfield code="a">Roma-historia de</subfield>
  </datafield>
  <datafield tag="653" ind1=" " ind2=" ">
   <subfield code="a">Historia antigua</subfield>
  </datafield>
  <datafield tag="859" ind1=" " ind2=" ">
   <subfield code="a">AR-BHAM</subfield>
   <subfield code="b">BIB. HUMANIDADES - General</subfield>
   <subfield code="h">937</subfield>
   <subfield code="i">Sy67</subfield>
   <subfield code="p">116.12</subfield>
   <subfield code="t">Ej.1</subfield>
  </datafield>
 </record>
</collection>
